COMMUNICATION DESIGN (Record no. 34506)
[ view plain ]
| 000 -LEADER | |
|---|---|
| fixed length control field | 00282nam a22001337a 4500 |
| 003 - CONTROL NUMBER IDENTIFIER | |
| control field | SGT |
| 020 ## - INTERNATIONAL STANDARD BOOK NUMBER | |
| International Standard Book Number | 9781472534408 |
| 082 ## - DEWEY DECIMAL CLASSIFICATION NUMBER | |
| Classification number | 747 |
| Item number | YAT |
| 100 ## - MAIN ENTRY--PERSONAL NAME | |
| Personal name | YATES DEREK |
| 245 ## - TITLE STATEMENT | |
| Title | COMMUNICATION DESIGN |
| 260 ## - PUBLICATION, DISTRIBUTION, ETC. (IMPRINT) | |
| Place of publication, distribution, etc | USA |
| Name of publisher, distributor, etc | BLOOMSBURY PUB |
| Year of Publication | 2015 |
| 300 ## - PAGE DESCRIPTION | |
| No. of Pages | 207 |
| 942 ## - ADDED ENTRY ELEMENTS (KOHA) | |
| Source of classification or shelving scheme | Dewey Decimal Classification |
| Koha item type | Books |
| Withdrawn status | Lost status | Source of classification or shelving scheme | Damaged status | Not for loan | Home library | Current library | Shelving location | Date acquired | Vendor Name | Cost, normal purchase price | SGTU | Bill Number | Total Checkouts | Full call number | Accession No. (Barcode) | Date last seen | Bill Date | Koha item type |
|---|---|---|---|---|---|---|---|---|---|---|---|---|---|---|---|---|---|---|
| Dewey Decimal Classification | Not For Loan | SGT Science & Social Sciences Library | SGT Science & Social Sciences Library | Reference Book | 27/03/2026 | ZAFAA DELHI | 3742.75 | SGTU | ZBD0513 | 747 YAT | FF912 | 27/03/2026 | 23/03/2026 | Books |